MARC details
| 000 -LEADER |
| fixed length control field |
01516cam a22003614a 4500 |
| 001 - CONTROL NUMBER |
| control field |
12957262 |
| 005 - DATE AND TIME OF LATEST TRANSACTION |
| control field |
20260428142816.0 |
| 008 - FIXED-LENGTH DATA ELEMENTS--GENERAL INFORMATION |
| fixed length control field |
021003s2005 maua b 001 0 eng |
| 010 ## - LIBRARY OF CONGRESS CONTROL NUMBER |
| LC control number |
2002192215 |
| 020 ## - INTERNATIONAL STANDARD BOOK NUMBER |
| International Standard Book Number |
9780674017610 |
| 040 ## - CATALOGING SOURCE |
| Original cataloging agency |
DLC |
| Transcribing agency |
DLC |
| Modifying agency |
DLC |
| 041 ## - LANGUAGE CODE |
| Language code of text/sound track or separate title |
eng |
| 043 ## - GEOGRAPHIC AREA CODE |
| Geographic area code |
n-us--- |
| 050 00 - LIBRARY OF CONGRESS CALL NUMBER |
| Classification number |
JK330 |
| Item number |
.F43 2005. |
| 100 1# - MAIN ENTRY--PERSONAL NAME |
| Personal name |
Feaver, Peter D. |
| 245 10 - TITLE STATEMENT |
| Title |
Armed servants : |
| Remainder of title |
agency, oversight, and civil-military relations / |
| Statement of responsibility, etc. |
Peter D. Feaver. |
| 264 ## - PRODUCTION, PUBLICATION, DISTRIBUTION, MANUFACTURE, AND COPYRIGHT NOTICE |
| Place of production, publication, distribution, manufacture |
Cambridge, Mass. : |
| Name of producer, publisher, distributor, manufacturer |
Harvard University Press, |
| Date of production, publication, distribution, manufacture, or copyright notice |
2005. |
| 300 ## - PHYSICAL DESCRIPTION |
| Extent |
xi, 381 pages : |
| Other physical details |
illustrations ; |
| Dimensions |
24 cm. |
| 336 ## - CONTENT TYPE |
| Content type term |
text |
| Content type code |
txt |
| Source |
rdacontent |
| 337 ## - MEDIA TYPE |
| Media type term |
unmediated |
| Media type code |
n |
| Source |
rdamedia |
| 338 ## - CARRIER TYPE |
| Carrier type term |
volume |
| Carrier type code |
nc |
| Source |
rdacarrier |
| 504 ## - BIBLIOGRAPHY, ETC. NOTE |
| Bibliography, etc. note |
Includes bibliographical references (pages. 337-369) and index. |
| 505 ## - FORMATTED CONTENTS NOTE |
| Formatted contents note |
Preface -- 1. Introduction -- 2. Huntington's Cold War puzzle -- 3. The informal agency theory -- 4. A formal agency model of civil-military relations -- 5. An agency theory solution to the Cold War puzzle -- 6. Explaining the post-Cold War "crisis," 1990-2000 -- 7. Using agency theory to explore the use of force in the post-Cold War era -- 8. Conclusion -- Notes -- References -- Index. |
| 650 #0 - SUBJECT ADDED ENTRY--TOPICAL TERM |
| Topical term or geographic name entry element |
Politics. |
| 650 #0 - SUBJECT ADDED ENTRY--TOPICAL TERM |
| Topical term or geographic name entry element |
Military |
| 650 #0 - SUBJECT ADDED ENTRY--TOPICAL TERM |
| Topical term or geographic name entry element |
Civil-military relations |
| Geographic subdivision |
United States. |
| 650 #0 - SUBJECT ADDED ENTRY--TOPICAL TERM |
| Topical term or geographic name entry element |
Civil supremacy over the military |
| Geographic subdivision |
United States. |
| 650 #0 - SUBJECT ADDED ENTRY--TOPICAL TERM |
| Topical term or geographic name entry element |
Cold War (1990-2000). |
| 650 #0 - SUBJECT ADDED ENTRY--TOPICAL TERM |
| Topical term or geographic name entry element |
Cold War |
| 651 #0 - SUBJECT ADDED ENTRY--GEOGRAPHIC NAME |
| Source of heading or term |
United States of America. |
| 942 ## - ADDED ENTRY ELEMENTS (KOHA) |
| Source of classification or shelving scheme |
Library of Congress Classification |
| Koha item type |
Books |
| Suppress in OPAC |
No |